000 01528nam0a2200301 4500
001 RU\NLR\bibl\192216
005 20240725181615.0
020 _aRU-15652
_9Летопись авторефератов диссертаций
021 _aRU
_b98-15528a
035 _a(NLR Aleph) 000188723
090 _a1090946
_c1090946
100 _a20000615d1998 u u0rusy50 ca
101 0 _arus
102 _aRU
105 _aa dm |||||
200 1 _aЭкономические проблемы реализации сельскохозяйственной продукции в условиях развития рыночных отношений
_e(на прим. Оренбург. обл.)
_eАвтореф. дис. на соиск. учен. степ. к.э.н.
_eСпец. 08.00.05
_fБашк. гос. аграр. ун-т
210 _aУфа
_d1998
215 _a26 с.
_cграф.
_d21
320 _aБиблиогр.: с. 24-25 (7 назв.)
610 0 _aСельскохозяйственные науки - Землеустройство. Агрономия. Зоотехния. Первичная обработка, хранение зерна и другой продукции растениеводства. Лесное хозяйство
686 _a08.00.05
_2oksvnk
700 1 _aХаметова
_bА. Р.
_gАльфия Рашидовна
801 0 _aRU
_bRKP
_c20000615
_gPSBO
801 1 _aRU
_bRKP
_c20000615
801 2 _aRU
_bNLR
_c20011024
_grcr
852 _aNLR
_jА98/15528
942 _cBOOK